• 首页
  • 本馆介绍
  • 公告通知
  • 最新文献
  • 馆藏检索
  • 电子资源
  • 读者导购
  • 参考咨询
  • 我的图书馆
  • 登录
  • 详细信息显示
  • 放入我的书架
  • 预约/预借图书
  • 作者相关作品
  • 分类相关作品
  • 丛书相关作品
  • 出版社相关作品

书目信息

  • 表格格式
  • 工作单格式
  • 卡片格式
题名:
战国七雄的纷争
    
 
作者: 张利 编著
分册:  
出版信息: 长春   吉林文史出版社  2011
页数: 133页
开本: 22cm
丛书名:
单 册:
中图分类: K231.09
科图分类:
主题词: 战国时代--古代史--通俗读物 , 战国时代 , 古代史
电子资源:
ISBN: 978-7-5463-3982-5
000 00831nam0 2200253 450
001 2382879896
005 20231129025640.87
010    @a978-7-5463-3982-5@dCNY34.80
100    @a20130127d2011 em y0chiy50 ea
101 0  @achi
102    @aCN@b220000
105    @aa z 000yy
200 1  @a战国七雄的纷争@Azhan guo qi xiong de fen zheng@f张利编著
210    @a长春@c吉林文史出版社@c吉林出版集团有限责任公司@d2011
215    @a133页@c图@d22cm
300    @a中国历史朝代更迭/金开诚主编
330    @a本书共五部分,内容包括:战国七雄形成的背景、战国七雄变法图强、战国七雄间的兼并战争、战国七雄故事、七雄纷争引发的思考。
606 0  @a战国时代@x古代史@j通俗读物
606 0  @a战国时代
606 0  @a古代史
690    @aK231.09@v5
701  0 @a张利@Azhang li@4编著
801  0 @aCN@b91MARC@c20130904
905    @aZUCC@dK231.09@e3
    
    战国七雄的纷争/张利编著.-长春:吉林文史出版社:吉林出版集团有限责任公司,2011
    133页:图;22cm
    中国历史朝代更迭/金开诚主编
    
    ISBN 978-7-5463-3982-5:CNY34.80
    本书共五部分,内容包括:战国七雄形成的背景、战国七雄变法图强、战国七雄间的兼并战争、战国七雄故事、七雄纷争引发的思考。
●
相关链接 在五车中查询图书 在当当中查询图书 在豆瓣中查询图书


正题名:战国七雄的纷争     索取号:K231.09/3         预约/预借

序号 登录号 条形码 馆藏地/架位号 状态 备注
1 2000994779   2000994779   第四书库/四34架A面4层3列/ [索取号:K231.09/3] 在馆    
2 2000994780   2000994780   第四书库/四34架A面4层3列/ [索取号:K231.09/3] 在馆    
3 2000994781   2000994781   第四书库/四34架A面4层3列/ [索取号:K231.09/3] 在馆    
4 2000994782   2000994782   第四书库/四34架A面4层3列/ [索取号:K231.09/3] 在馆    
5 2000994783   2000994783   第四书库/四34架A面4层3列/ [索取号:K231.09/3] 在馆    
6 2000994784   2000994784   第四书库/四34架A面4层3列/ [索取号:K231.09/3] 在馆    
山东省滨州职业学院图书馆 欢迎您!
大连网信软件有限公司© 版权所有